[Event "5th Nebesna Sotnya Rapid 2018"]
[Site "Lutsk"]
[Date "2018.02.17"]
[Round "2"]
[White "Budnikov, Oleg"]
[Black "Novikova, Margarita"]
[Result "1-0"]
[WhiteElo "2422"]
[BlackElo "1998"]
[Annotator "TA"]
[PlyCount "87"]
[EventDate "2018.??.??"]
[EventType "swiss"]
[EventCountry "UKR"]
[SourceTitle "playchess.com"]
[Source "ChessBase"]
[SourceQuality "1"]

{[%evp 10,87,49,29,43,21,39,-2,26,21,68,10,10,-24,-15,-29,-24,-23,47,47,47,54,47,51,187,174,166,156,157,127,135,132,140,124,143,147,145,138,137,139,141,152,212,209,413,404,445,438,435,443,399,420,550,549,533,549,538,541,536,521,560,560,537,536,583,570,678,678,678,678,675,669,667,650,631,616,665,601,601,583]} 1. e4 d5 2. exd5 Qxd5 3. Nc3 Qd6 4. d4 Nf6 5. Nf3 Bg4 6. h3 Bh5 {B01: Scandinavian Defence} 7. Nb5 (7. g4 Bg6 8. Ne5 Nbd7 9. Nxg6 hxg6 10. Bg2 c6 11. Qd3 e6 12. Bd2 Nb6 13. O-O-O Nbd5 14. Ne2 {1-0 (39) Bologan,V (2640)-Kovalenko,I (2684) Tallinn 2016}) 7... Qd8 8. c4 $146 {[%cal Bc2c4,Bc4c5][%mdl 32]} ({Predecessor:} 8. Bf4 Nd5 9. Bd2 c6 10. Nc3 e6 11. Be2 Nxc3 12. Bxc3 Be7 13. Qd2 Bxf3 14. Bxf3 {1-0 (61) Kveinys,A (2548)-Sulskis,S (2519) Panevezys 2017}) 8... c6 {The position is equal.} 9. Nc3 e6 10. Qb3 (10. Be2 $14) 10... Qb6 $11 11. c5 Qxb3 12. axb3 Bxf3 $1 13. gxf3 e5 (13... a6 $11) 14. dxe5 $14 Nfd7 15. f4 $36 {[%mdl 2048] aiming for b4. White is pushing.} Nxc5 16. Bc4 b5 ({Better is} 16... Nba6 $14) 17. Nxb5 $1 $18 cxb5 18. Bd5 $1 {Threatens to win with Be3.} Nxb3 19. Rb1 Bb4+ 20. Kf1 O-O 21. Bxa8 Bd2 {[#]} 22. Ke2 $1 Bxc1 23. Rbxc1 Nxc1+ 24. Rxc1 $16 {[%mdl 4096] Endgame KRB-KRN} Na6 25. Bb7 Nb8 {[#]} (25... Nb4 $16 26. Ra1 a6) 26. Rc7 $1 $18 Rd8 $2 {[#]} (26... g6 27. Bd5 Na6 28. Rxa7 Nb4) 27. Bd5 $1 {[%mdl 512]} Nd7 (27... Rxd5 28. Rc8+) 28. e6 {Strongly threatening e7.} Nf6 29. e7 Rb8 30. Bc6 g6 31. Rxa7 {White is clearly winning.} Kg7 32. Ra8 Rb6 33. e8=Q Nxe8 34. Bxe8 {KRB-KR} b4 35. b3 Rf6 36. Ke3 h6 37. Bb5 g5 38. fxg5 hxg5 39. Bc4 Rh6 40. Ra7 Rxh3+ 41. Ke2 Rc3 42. Rxf7+ Kg6 43. Rb7 Rc2+ 44. Kf1 {Precision: White = 76%, Black = 40%.} 1-0

[Event "5th Nebesna Sotnya Rapid 2018"]
[Site "Lutsk"]
[Date "2018.02.17"]
[Round "2"]
[White "Voloshinsky, Liubomir"]
[Black "Solovchuk, Oleksiy"]
[Result "0-1"]
[WhiteElo "2135"]
[BlackElo "2364"]
[Annotator "TA"]
[PlyCount "58"]
[EventDate "2018.??.??"]
[EventType "swiss"]
[EventCountry "UKR"]
[SourceTitle "playchess.com"]
[Source "ChessBase"]
[SourceQuality "1"]

{[%evp 18,58,-21,-17,20,-13,-13,-43,-40,-41,-47,-175,-175,-175,-175,-175,-175,-174,-168,-215,-155,-212,-210,-220,-214,-214,-219,-241,-110,-133,-122,-127,-113,-113,-104,-154,-83,-127,-134,-258,-245,-243,-236]} 1. e4 c5 2. Nf3 e6 3. d4 cxd4 4. Nxd4 a6 5. Nc3 Qc7 6. Be2 b5 7. a3 Bb7 8. O-O Nf6 9. Bf3 Nc6 {B43: Sicilian: Kan Variation: 5 Nc3} (9... d6 10. Re1 Be7 11. g3 O-O 12. Bg2 Nc6 13. Nb3 Rfd8 14. f4 d5 15. exd5 b4 16. Qf3 Na5 17. axb4 Nxb3 18. cxb3 Nxd5 {0-1 (29) Silva,D (2276)-Galego,L (2458) Baku 2016}) 10. Nxc6 {LiveBook: 4 Games} Bxc6 (10... dxc6 {feels hotter.} 11. g3 Bd6 12. Bg2 a5 13. Bg5 Be7) 11. Qe2 Bd6 {The position is equal.} 12. h3 Be5 13. Re1 O-O 14. Be3 $146 ({Better is} 14. Bd2 $15) ({Predecessor:} 14. Bd2 Rfe8 15. Rad1 Rad8 16. Kh1 d6 17. Bg4 Bxc3 18. Bxc3 Nxe4 19. Bd4 f5 20. Bf3 e5 {0-1 (20) Szajda,M (2102)-Czarnota,D (2069) Polanica Zdroj 2001}) 14... Bxc3 $1 $19 15. bxc3 Bxe4 16. Bd4 Bxf3 17. Qxf3 {[#]} Nd5 $1 18. Re4 f5 19. Re5 (19. Ree1 $17) 19... Qc6 20. Rae1 Rac8 21. Qg3 {[#]} Rf7 $1 22. h4 Nf6 (22... h6 $19 {has better winning chances.} 23. h5 Qc4) 23. Rc5 $17 Qb7 24. Rxc8+ Qxc8 25. Bxf6 Rxf6 {KQR-KQR} 26. Rd1 f4 (26... d5 $142 27. Qd6 Rf8) 27. Qd3 d5 28. f3 (28. Qd4 $17) 28... Qc5+ $19 29. Kf1 Qxa3 {Precision: White = 18%, Black = 59%.} 0-1

[Event "5th Nebesna Sotnya Rapid 2018"]
[Site "Lutsk"]
[Date "2018.02.17"]
[Round "2"]
[White "Serdyuk, Vitaliy"]
[Black "Bernadskiy, Vitaliy"]
[Result "0-1"]
[WhiteElo "2101"]
[BlackElo "2588"]
[Annotator "TA"]
[PlyCount "57"]
[EventDate "2018.??.??"]
[EventType "swiss"]
[EventCountry "UKR"]
[SourceTitle "playchess.com"]
[Source "ChessBase"]
[SourceQuality "1"]

{[%evp 12,57,-5,-29,-11,-25,-10,-41,-45,-41,-34,-54,-39,-62,-47,-50,-53,-58,-57,-80,-86,-156,-154,-146,-90,-131,-131,-148,-120,-207,-141,-151,-100,-131,-126,-121,-104,-135,-138,-156,-156,-173,-168,-177,-156,-177,-180,-281]} 1. e4 c5 2. Nf3 a6 3. d4 cxd4 4. Nxd4 Nf6 5. Nc3 e5 6. Nb3 Bb4 7. Bg5 $1 {LiveBook: 13 Partien} d6 {B28: Sizilianisch (Frühes a7-a6)} 8. Qd3 (8. Bxf6 Qxf6 9. Bc4 Bxc3+ 10. bxc3 O-O 11. O-O Nd7 12. a4 Qe7 13. a5 Nf6 14. Qd3 Bd7 15. Nd2 {0-1 (39) Andrijevic,M (2357)-Rodshtein,M (2634) Valjevo 2012}) 8... Be6 9. Be2 Nbd7 {Schwarz steht etwas besser.} 10. O-O Bxc3 11. bxc3 $146 Qc7 12. Rfd1 Rc8 13. Bf3 Ke7 14. Bd2 Rhd8 15. h3 Nb6 16. Nc1 (16. a4 $142) 16... Na4 17. Re1 Nxc3 (17... Kf8 $142 18. Rb1 b5) 18. a4 {und wenn Te3 ginge, stände Weiss gut.} Qc4 19. Qe3 Nxa4 20. Bd1 (20. Nb3 $17 Bd7 21. Na5) 20... Nc5 {[%cal Rf6e4]} 21. f3 b5 ({Günstiger ist} 21... Kf8 22. Nd3 Nxd3 23. cxd3 Qc5) 22. Nb3 Nxb3 23. cxb3 Qc6 24. b4 Qb7 {Schwarz steht deutlich besser.} 25. Ra5 h6 26. Qa3 {[#]} Rc6 $1 27. Qb2 Nd7 28. Be3 Nb6 {Droht ...Sc4 und aus.} 29. Bxb6 {Precision: Weiß = 27%, Schwarz = 75%.} (29. Be2 $142) 0-1

[Event "5th Nebesna Sotnya Rapid 2018"]
[Site "Lutsk"]
[Date "2018.02.17"]
[Round "2"]
[White "Kumanska, Olena"]
[Black "Bortnyk, Mykola"]
[Result "0-1"]
[WhiteElo "2066"]
[BlackElo "2432"]
[Annotator "TA"]
[PlyCount "66"]
[EventDate "2018.??.??"]
[EventType "swiss"]
[EventCountry "UKR"]
[SourceTitle "playchess.com"]
[Source "ChessBase"]
[SourceQuality "1"]

{[%evp 23,66,39,37,-18,-4,-20,-7,-34,-25,-33,45,42,38,28,62,-82,-86,-89,-78,-80,-47,-127,0,-14,0,0,107,69,84,16,18,26,17,20,127,-100,-96,-312,-331,-322,-300,-308,-308,-401,-374]} 1. c4 d6 2. Nc3 e5 3. g3 g6 4. Bg2 Bg7 5. d3 f5 6. e3 Nf6 7. Nge2 O-O 8. O-O Nc6 9. Rb1 a5 10. a3 Kh8 11. b4 {A25: English Opening vs King's Indian with ...Nc6 but without early d3} axb4 12. axb4 Ne7 {LiveBook: 5 Games} (12... e4) 13. Nd5 (13. Qb3 $14) 13... Nexd5 $11 14. cxd5 g5 $146 ({Predecessor:} 14... Bd7 15. b5 Ra5 16. Nc3 b6 17. Qb3 Qa8 18. Qc4 Qb7 19. Bd2 Rfa8 20. Rfc1 {½-½ (60) Perez Aleman,P (2280)-Solana Suarez,E (2260) Mesa 1992}) 15. f4 gxf4 16. exf4 e4 (16... c6 $15 17. dxc6 Qb6+ 18. Kh1 bxc6) 17. dxe4 fxe4 18. h3 Qe8 19. Be3 (19. g4 $14 {stays ahead.}) 19... Ra3 $1 $17 {[%cal Ra3e3]} 20. Rb3 Rxb3 $1 21. Qxb3 Qh5 22. g4 {[#]} (22. Kf2 $1 $15) 22... Qxd5 ({Black should try} 22... Bxg4 $1 $17 23. hxg4 Nxg4) 23. Qc2 Qc6 24. Qd2 Re8 (24... Qd5 $11) 25. Rc1 Qb5 26. Rd1 (26. Bd4 $16 {Qb2 is the strong threat.} Re7 27. f5) 26... Qd3 $11 27. Qxd3 exd3 28. Rxd3 Bxg4 (28... h5 $11) 29. Kf2 $2 (29. hxg4 $16 {is forced if you want to stay better.} Nxg4 30. Bd2) 29... Bf5 $36 {[%mdl 2048] White is under strong pressure.} 30. Rc3 $2 {[#]} (30. Rd1 $17 {keeps fighting.}) 30... Bxh3 $1 $19 {[%mdl 512] Strongly threatening ...Ng4+.} 31. Bf3 (31. Bxh3 Ne4+) 31... Ng4+ 32. Bxg4 Bxg4 33. Rxc7 {[#]} Bxe2 $1 {Precision: White = 13%, Black = 47%.} 0-1

[Event "5th Nebesna Sotnya Rapid 2018"]
[Site "Lutsk"]
[Date "2018.02.17"]
[Round "2"]
[White "Zakordonets, Olexandr"]
[Black "Gritsak, Orest"]
[Result "0-1"]
[WhiteElo "1938"]
[BlackElo "2469"]
[Annotator "TA"]
[PlyCount "163"]
[EventDate "2018.??.??"]
[EventType "swiss"]
[EventCountry "UKR"]
[SourceTitle "playchess.com"]
[Source "ChessBase"]
[SourceQuality "1"]

{[%evp 9,163,6,24,11,14,-10,1,0,37,42,34,19,50,0,3,5,12,-9,0,-13,-10,-20,-13,-20,-22,-20,-12,-15,-23,-19,-18,-84,-90,-98,-93,-168,-154,-146,-131,-127,-140,-133,-132,-150,-141,-176,-172,-157,-172,-220,-200,-418,-216,-206,-118,-114,-101,-116,-88,-119,-99,-104,-104,-106,-103,-127,-127,-127,-127,-133,-121,-125,-121,-133,-120,-120,-120,-120,-120,-127,-116,-127,-90,-110,-107,-110,-91,-119,-119,-119,-118,-141,-141,-141,-141,-141,-141,-141,-118,-141,-141,-141,-141,-141,-141,-141,-141,-141,-141,-141,-141,-141,-60,-60,-60,-61,-61,-60,-61,-62,-62,-62,-61,-82,-94,-102,-64,-85,-64,-66,-66,-1607,-1552,-1446,-998,-1362,-1273,-965,-692,-1256,-1073,-886,-760,-1538,-1433,-12839,-12839,-12841,-12840,-12842,-1493,-12842,-4112,-12843,-12841,-12845]} 1. d4 Nf6 2. Nf3 d5 3. e3 e6 4. Bd3 c5 5. b3 a6 (5... Nc6 6. O-O Be7 7. Bb2 O-O 8. dxc5 Bxc5 9. Nbd2 Qe7 10. e4 Nxe4 11. Nxe4 dxe4 12. Bxe4 Rd8 13. Qe2 Bd7 14. a3 a5 15. Rfe1 Be8 {½-½ (67) Mamedyarov,S (2799)-Duda,J (2717) Riadh 2017}) 6. Bb2 {D05: Colle System with ...e6} b5 7. c4 dxc4 8. bxc4 {The position is equal.} bxc4 $146 ({Predecessor:} 8... cxd4 9. exd4 bxc4 10. Bxc4 Bb4+ 11. Nbd2 O-O 12. O-O Bb7 13. Qb3 Bxf3 14. Qxb4 {1-0 (43) Pejovic,M (1956)-Jovovic,D Cetinje 2013}) 9. Bxc4 Nbd7 10. O-O Bb7 11. Nc3 Be7 12. dxc5 O-O 13. c6 Bxc6 14. Qe2 Bxf3 15. Qxf3 Ne5 16. Qe2 $1 Nxc4 17. Qxc4 Qa5 18. Rac1 Rab8 19. Ba1 Rfc8 $36 {[%mdl 2048] White is under pressure.} 20. Qf4 (20. Qd3 $11 {remains equal.}) 20... Rb4 $1 $17 {[%cal Rb4f4]} 21. Qf3 {White wants to play Nd5.} Rbc4 22. Rb1 (22. Ne2 $17) 22... Rxc3 23. Bxc3 Qxc3 24. Qb7 Bf8 25. Qxa6 Ne4 26. Rb3 Qc2 {And now ...Nd2 would win.} 27. Rb2 Qxb2 28. Qxc8 Qxa2 29. g3 Qe2 30. Qc1 $2 (30. Qc6 Nd2 31. Ra1) 30... h5 (30... Nd2 $142 31. Qd1 Qxf1+ 32. Qxf1 Nxf1 33. Kxf1 g5) 31. Qd1 $19 {[#]} Qxd1 (31... Qb5 $1 $19 32. Qc2 Qf5) 32. Rxd1 $17 g6 33. Rd4 Nd6 (33... f5 {feels hotter.} 34. f3 Nc5 35. Kg2 Kf7 36. Rc4 Be7) 34. Kg2 Kg7 35. h3 e5 36. Ra4 e4 37. Rd4 Kf6 38. Ra4 Ke6 39. Ra7 Bg7 40. Ra2 Be5 41. Rc2 Nf5 {Strongly threatening ...Bxg3!} 42. Rc4 Kd5 43. Ra4 Bd6 44. Ra7 f6 {[%cal Bf7f6,Bf6f5][%mdl 32]} 45. Ra8 Bc5 46. Rd8+ Ke6 47. Rc8 Be7 (47... Bd6 {is more complex.} 48. Ra8 Nh6 49. Ra6 f5 50. Ra4 Nf7) 48. Rc4 Nd6 49. Ra4 f5 50. h4 Nf7 51. Ra6+ {[#]} Bd6 $1 52. Ra4 Ne5 53. Ra8 Ng4 54. Rg8 Kf7 55. Rd8 Bb4 {Threatens to win with ...Be1.} 56. Rd1 Kg7 57. Rb1 Bc3 58. Rd1 Kf7 59. Rb1 Bf6 60. Rb6 g5 ({Better is} 60... Kg7 $17 61. Rb7+ Kf8) 61. hxg5 $15 Bxg5 62. Rb5 Kg6 63. Rb6+ Bf6 64. Rc6 Kf7 65. Rc5 Ke6 66. Rc6+ Kd5 67. Ra6 h4 {aiming for ...h3+!} 68. Ra2 Ke6 69. Ra6+ Kf7 {...h3+! is the strong threat.} 70. Rb6 $2 {[%mdl 8192] [#]} (70. Ra7+ $15 Kg6 71. Ra2) 70... h3+ $1 $19 {Black is clearly winning.} 71. Kxh3 Nxf2+ 72. Kg2 Ng4 73. Rb3 Bg5 74. Rb5 Nxe3+ 75. Kf2 Ng4+ 76. Ke2 Kg6 77. Ra5 Bf6 78. Ra6 Kg5 79. Ra8 Be5 (79... f4 $142 80. gxf4+ Kxf4) 80. Ra3 Nf6 (80... f4 $142 81. gxf4+ Kxf4) 81. Kf2 Nh5 82. Ra2 {Precision: White = 32%, Black = 64%.} 0-1

[Event "5th Nebesna Sotnya Rapid 2018"]
[Site "Lutsk"]
[Date "2018.02.17"]
[Round "3"]
[White "Bernadskiy, Vitaliy"]
[Black "Matviishen, Viktor"]
[Result "1/2-1/2"]
[WhiteElo "2588"]
[BlackElo "2336"]
[Annotator "TA"]
[PlyCount "121"]
[EventDate "2018.??.??"]
[EventType "swiss"]
[EventCountry "UKR"]
[SourceTitle "playchess.com"]
[Source "ChessBase"]
[SourceQuality "1"]

{[%evp 14,121,17,13,14,12,18,-15,0,0,-2,-14,7,15,8,14,10,12,14,11,36,0,0,0,0,0,0,-44,16,17,18,12,17,21,15,12,11,13,18,17,29,31,46,29,50,27,44,35,41,38,58,55,59,39,72,57,92,94,83,56,69,79,103,129,116,0,145,62,68,82,83,37,21,0,0,0,0,0,0,0,0,0,0,0,0,0,0,0,0,-62,0,0,0,-54,0,0,0,-141,-141,-271,-72,-94,0,-96,0,0,0,-61,0,0]} 1. e4 e5 2. Nf3 Nc6 3. Bc4 Bc5 4. c3 Nf6 5. d3 d6 6. h3 O-O 7. Nbd2 a6 8. Bb3 h6 {C54: Giuoco Piano: 4 c3 Nf6, main lines with 5 d4 and 5 d3} (8... Be6 9. Nf1 d5 10. Qe2 dxe4 11. dxe4 Bxb3 12. axb3 Ne8 13. b4 Ba7 14. g4 Nd6 15. Ng3 Qf6 16. h4 Qe6 {½-½ (70) Duda,J (2717)-Fressinet,L (2662) Katowice 2017}) 9. Nf1 d5 10. Qe2 Be6 11. Ng3 Re8 12. O-O a5 13. Ba4 $146 ({Predecessor:} 13. Kh2 dxe4 14. dxe4 Bxb3 15. axb3 {½-½ (44) Ruban,R (1986)-Kuzmin,S (2249) Novosibirsk 2007}) 13... Nd7 14. Rd1 Bb6 15. Be3 Bxe3 16. Qxe3 Rb8 17. Rd2 b5 18. Bb3 Nb6 19. Qc5 Qd6 20. d4 dxe4 (20... Qxc5 $15 21. dxc5 Nc4 22. Bxc4 dxc4) 21. Qxd6 $11 cxd6 22. Nxe4 {d5 is the strong threat.} d5 23. Nd6 Red8 {Threatens to win with ...e4.} 24. dxe5 Nxe5 25. Nxe5 Rxd6 26. a3 Kf8 27. Re1 Nc8 28. Red1 {[%cal Rb3d5]} Ne7 29. f4 g6 30. g4 h5 31. Kf2 Kg7 32. Kg3 Rc8 33. Nf3 hxg4 34. hxg4 Rb6 35. Nd4 Ng8 36. f5 Bd7 37. Bxd5 Nf6 38. Bf3 g5 39. Nb3 ({Better is} 39. Ra1 $16) 39... Bc6 (39... b4 $11 40. cxb4 (40. Rxd7 Nxd7 41. axb4 axb4 $17) (40. Nxa5 bxc3 41. bxc3 Ra6 $17) 40... axb4) 40. Nxa5 (40. Rd8 $16 Bxf3 41. Kxf3) 40... Bxf3 $14 41. Kxf3 {And now Rd8 would win.} Rh8 42. Rd4 Rbb8 43. Rg1 Rbe8 44. Nb3 Rh3+ 45. Rg3 Rh2 46. Rd2 Rh1 47. Nc5 Rf1+ 48. Rf2 Rfe1 49. Kg2 Nd5 50. Nd3 Rd1 51. Rf1 (51. f6+ $11 Nxf6 52. Rf5) 51... Rd2+ ({Black should play} 51... Re2+ $15 52. Kg1 Rdd2) 52. Rf2 $11 Rd1 53. Rf1 (53. f6+ $11 Kg6 54. Rf1 Re2+ 55. Kg1) 53... Rd2+ ({Black should try} 53... Re2+ $15 54. Kg1 Rdd2) 54. Rf2 Rd1 55. Nc5 {[#]} (55. Rf1 $11 {remains equal.} Re2+ 56. Kg1) 55... Nf4+ $1 $17 {[%mdl 1024] Black has strong compensation.} 56. Kf3 (56. Rxf4 $17 gxf4 57. Rf3) 56... Rde1 $2 (56... Rc8 $19 {is more deadly.} 57. b4 {[#]} Rxc5 $1 {[%mdl 512]} 58. bxc5 (58. f6+ $2 Kxf6 59. bxc5 Rd3+ 60. Ke4 Rxg3 $19) 58... Rd3+ 59. Ke4 Rxg3) 57. Rd2 Rf1+ 58. Rf2 Rfe1 {[%csl Ge1][%cal Re8e3]} 59. Rd2 Rf1+ 60. Rf2 Rfe1 (60... Rd1 $1 $15 61. b4 Rde1) 61. Rd2 {Precision: White = 48%, Black = 48%.} 1/2-1/2

[Event "5th Nebesna Sotnya Rapid 2018"]
[Site "Lutsk"]
[Date "2018.02.17"]
[Round "3"]
[White "Gritsak, Orest"]
[Black "Buksa, Nataliya"]
[Result "1/2-1/2"]
[WhiteElo "2469"]
[BlackElo "2295"]
[Annotator "TA"]
[PlyCount "35"]
[EventDate "2018.??.??"]
[EventType "swiss"]
[EventCountry "UKR"]
[SourceTitle "playchess.com"]
[Source "ChessBase"]
[SourceQuality "1"]

{[%evp 9,35,5,26,-11,-4,-11,-9,-39,-11,-11,-11,-11,8,0,12,-7,-1,-6,-12,-10,0,0,0,0,11,14,23,5]} 1. Nf3 d5 2. d4 Nf6 3. c4 e6 4. Bg5 a6 (4... Bb4+ 5. Nbd2 dxc4 6. e3 b5 7. Be2 Bb7 8. O-O O-O 9. b3 c3 10. a3 Be7 11. Nb1 c5 12. Nxc3 a6 13. dxc5 Bxc5 {1-0 (43) Mamedyarov,S (2804)-Caruana,F (2811) Wijk aan Zee 2018}) 5. Nbd2 $146 ({Predecessor:} 5. e3 Be7 6. Nc3 h6 7. Bh4 O-O 8. Rc1 b6 9. cxd5 exd5 10. Bd3 Bb7 11. Bxf6 Bxf6 12. b4 Nd7 13. Qb3 c6 14. O-O Re8 15. e4 Nf8 {1-0 (35) Laznicka,V (2651)-Kraemer,M (2570) Germany 2016}) 5... h6 6. Bh4 {D30: Queen's Gambit Declined: Systems without Nc3} dxc4 7. Bxf6 Qxf6 8. Nxc4 {The position is equal.} Bb4+ 9. Ncd2 c5 10. a3 Ba5 11. Qc2 Bxd2+ $1 12. Qxd2 cxd4 13. Qxd4 Qxd4 14. Nxd4 e5 15. Nb3 Be6 16. Nc5 Bd5 17. e4 Bc6 18. f3 {Precision: White = 54%, Black = 76%.} 1/2-1/2

[Event "5th Nebesna Sotnya Rapid 2018"]
[Site "Lutsk"]
[Date "2018.02.17"]
[Round "3"]
[White "Bortnyk, Mykola"]
[Black "Yaniuk, Valentin"]
[Result "1/2-1/2"]
[WhiteElo "2432"]
[BlackElo "2322"]
[Annotator "TA"]
[PlyCount "65"]
[EventDate "2018.??.??"]
[EventType "swiss"]
[EventCountry "UKR"]
[SourceTitle "playchess.com"]
[Source "ChessBase"]
[SourceQuality "1"]

{[%evp 14,65,2,-86,-91,-95,-83,-77,-53,-66,-70,-144,-140,-219,-100,-110,-100,-104,-91,-92,-85,-87,-93,-93,-87,-92,-96,-80,-12,-12,-12,-12,-8,-8,0,-41,-13,-41,-41,-63,-8,-8,-7,-52,-13,-13,-14,-14,-8,-8,-8,-8,-8,-8]} 1. e4 c6 2. d4 d5 3. exd5 cxd5 4. c4 Nf6 5. Nc3 Nc6 6. Bg5 Qa5 7. Bxf6 exf6 8. c5 {[#]} (8. cxd5 $11 Bb4 9. Bd3 Bxc3+ 10. bxc3 Qxc3+ 11. Kf1) 8... Bxc5 $1 $17 {[%mdl 512] B13: Caro-Kann: Exchange Variation and Panov-Botvinnik Attack} 9. dxc5 d4 10. Qa4 {Strongly threatening Qxa5.} dxc3 {Black is better.} 11. Qxa5 Nxa5 12. b4 $146 (12. b3 $1 $15) ({Predecessor:} 12. b3 O-O 13. Ne2 b6 14. Rc1 bxc5 15. Rxc3 Nb7 16. Nf4 {1-0 (55) Sanal,V (2533)-Soysal,S (2367) Kocaeli 2017}) 12... Nc6 13. Bb5 (13. O-O-O $17) 13... Bd7 (13... a5 $19 14. bxa5 Rxa5) 14. O-O-O O-O-O {And now ...c2 would win.} 15. a3 a5 (15... Rhe8 {is interesting.} 16. Nf3 a5 17. bxa5 Nxa5 18. Bxd7+ Rxd7 19. Rxd7 Kxd7 20. Kc2 Re2+) 16. Ne2 axb4 17. Bxc6 Bxc6 ({Don't play} 17... bxc6 $6 18. axb4 Rhe8 19. Nd4 $11) 18. axb4 Bxg2 19. Rxd8+ Rxd8 {[%mdl 4096] Endgame KRB-KRN} 20. Rg1 Rd2 (20... Bf3 $17 21. Nxc3 g5) 21. Rxg2 $11 Rxe2 22. Rxg7 Rxf2 23. Rxh7 {KR-KR} Rb2 24. Rh4 Kc7 25. h3 Kc6 {...Kb5 is the strong threat.} 26. Rc4 $1 Kb5 (26... f5 $15) 27. Rxc3 Rxb4 28. Kd2 Rh4 29. Rb3+ {The position is equal.} Kxc5 30. Rxb7 Rxh3 31. Rxf7 Rf3 32. Ke2 Rf5 33. Rd7 {Precision: White = 62%, Black = 28%.} 1/2-1/2

[Event "5th Nebesna Sotnya Rapid 2018"]
[Site "Lutsk"]
[Date "2018.02.17"]
[Round "3"]
[White "Solovchuk, Oleksiy"]
[Black "Ianov, Viktor"]
[Result "1/2-1/2"]
[WhiteElo "2364"]
[BlackElo "2302"]
[Annotator "TA"]
[PlyCount "54"]
[EventDate "2018.??.??"]
[EventType "swiss"]
[EventCountry "UKR"]
[SourceTitle "playchess.com"]
[Source "ChessBase"]
[SourceQuality "1"]

{[%evp 10,54,28,27,36,27,33,37,46,32,24,3,38,11,45,-3,92,93,91,76,108,56,233,16,35,25,25,25,18,-25,-26,-31,-18,-21,-2,-12,7,-36,-36,-81,-56,-67,-60,-65,-64,-79,-80]} 1. Nf3 d6 2. d4 Bg4 3. Nbd2 Nd7 4. h3 Bh5 5. e4 e5 6. c3 {LiveBook: 3 Games. A41: 1 d4 d6: Tartakower System and Modern Defence} (6. Be2 Ngf6 7. c3 Bg6 8. Bd3 c6 9. O-O Be7 10. Nh4 Qc7 11. Nxg6 hxg6 12. a4 O-O 13. Re1 {1-0 (55) Maghsoodloo,P (2569)-Yakubboev,N (2437) Ashkhabad 2017}) 6... Ngf6 7. Bd3 Be7 8. O-O {White is slightly better.} O-O 9. Qb3 Rb8 10. Re1 c6 11. a4 Qc7 $146 ({Predecessor:} 11... a5 12. Qc2 {0-1 (56) Heyl,T (2082)-Korpics,Z (2336) Budapest 2006}) 12. Nh4 Bg6 (12... d5 $11 {keeps the balance.}) 13. Nxg6 $16 hxg6 14. Nf3 b6 15. Ng5 (15. Bd2 $16) 15... Nh7 $2 {[#]} (15... d5 $14) 16. f4 $2 (16. Ne6 $1 $18 {[%cal Re6c7][%mdl 512]} fxe6 17. Qxe6+ Kh8 18. Qxe7) 16... Nxg5 $11 17. fxg5 exd4 18. cxd4 c5 19. e5 dxe5 20. Bc4 cxd4 {Hoping for ...Rbc8.} 21. Rf1 {[%cal Rf1f7]} Nc5 22. Bxf7+ Kh7 $132 {[%mdl 2048] Black is not keeping still} 23. Qg3 {[%cal Rg3h4] [#]} (23. Qc2 {feels hotter.} Rxf7 24. Rxf7 a5 25. Qc4 Rf8 26. Rxf8 Bxf8 27. Bd2) 23... Bxg5 $1 {[%mdl 512]} 24. Bxg5 {[%cal Rg3h4]} Rxf7 25. Rxf7 Qxf7 26. Qxe5 Re8 27. Qxd4 {[#]} Re4 $1 {Precision: White = 40%, Black = 39%.} 1/2-1/2

[Event "5th Nebesna Sotnya Rapid 2018"]
[Site "Lutsk"]
[Date "2018.02.17"]
[Round "3"]
[White "Alexikov, Alexander"]
[Black "Bogdanovich, Stanislav"]
[Result "1/2-1/2"]
[WhiteElo "2339"]
[BlackElo "2560"]
[Annotator "TA"]
[PlyCount "89"]
[EventDate "2018.??.??"]
[EventType "swiss"]
[EventCountry "UKR"]
[SourceTitle "playchess.com"]
[Source "ChessBase"]
[SourceQuality "1"]

{[%evp 19,89,21,15,0,16,30,24,10,52,40,37,40,49,46,126,112,181,193,201,146,139,108,105,102,157,102,102,102,102,102,106,102,103,81,72,73,70,70,78,75,75,68,78,0,0,0,0,0,0,-61,-38,-214,-190,-204,-202,-404,-385,-206,168,-1734,-1632,-1651,-1398,-5189,-5102,-3057,-2468,-29956,-29959,-29946,-12536,-5089]} 1. e4 c5 2. Nf3 Nc6 3. Bb5 e6 4. O-O Nge7 5. Re1 a6 6. Bf1 d5 7. exd5 Nxd5 8. d4 Nf6 9. Be3 Be7 {B30: Sizilianisch (Rossolimo-Variante)} (9... Nd5 10. Bg5 f6 11. c4 Nde7 12. d5 fxg5 13. dxc6 Qxd1 14. Rxd1 Nxc6 15. Nxg5 Nd4 16. Nc3 Be7 17. Nge4 {½-½ (63) Melkumyan,H (2654)-Lenic,L (2662) chess.com INT 2018}) 10. c4 O-O {LiveBook: 32 Partien} 11. h3 cxd4 {Die Stellung ist ausgeglichen.} 12. Nxd4 Bd7 13. Nf3 $146 ({Vorgänger:} 13. Nc3 Qc7 14. Rc1 Rfd8 15. Qe2 Be8 16. Red1 h6 {0-1 (50) Frindt,K (2240)-Manik,M (2420) Slovakia 2007}) 13... Bb4 14. Nc3 Bxc3 15. bxc3 e5 16. Rb1 e4 ({Günstiger ist} 16... Qc8 $14) 17. Nd2 $16 Ne5 (17... Rb8 $16) 18. Bd4 $18 ({Auf keinen Fall} 18. Rxb7 Re8 $16) 18... Qc7 19. Nxe4 Nxe4 20. Rxe4 Ng6 21. Qh5 Rfe8 (21... Bc6 $142 22. Bb6 Qb8) 22. Rbe1 (22. Bd3 $142) 22... Rxe4 $16 23. Rxe4 Re8 24. Rxe8+ Bxe8 25. g3 Bc6 26. Qc5 Qd7 27. Bg2 Bxg2 28. Kxg2 Ne7 29. h4 f6 30. h5 Kf7 31. f3 (31. Qb4 $16) 31... Qa4 $11 32. g4 Qxa2+ 33. Kg3 Qa4 34. h6 (34. Qb4 $11 Qd7 35. Qb1) 34... Qc6 $15 {zielt auf ...Dxc5 ab.} 35. hxg7 $2 {[#]} (35. Qa5 $15) 35... Qxc5 $19 36. Bxc5 $15 {[%mdl 4096] Endspiel KL-KS} Nc6 37. f4 $2 (37. Kf4) 37... Na5 $19 38. Kf3 b5 $4 {[%mdl 8192] [#]} (38... Nxc4 $19 {vermeidet das Desaster. Und ...a5 würde nun gewinnen.} 39. g8=R Kxg8) 39. Bb6 $4 {[%mdl 8192]} (39. cxb5 $18 axb5 40. Bf8) 39... Nxc4 40. Bd4 a5 41. Bxf6 a4 42. Be7 a3 43. Bxa3 Nxa3 44. Ke4 Kxg7 45. Kd3 {[%mdl 32768] Precision: Weiß = 43%, Schwarz = 65%. . An unexpected result.} 1/2-1/2